MARC

LEADER 00000nam0a2200000 4500
001 182924
005 20231101223727.0
035 |a (RuTPU)RU\TPU\book\198293 
090 |a 182924 
100 |a 20100629d1972 m y0rusy50 ca 
101 1 |a rus  |c eng 
102 |a RU 
105 |a a z 001gb 
200 1 |a Паломничество Чайльд-Гарольда  |a Дон-Жуан  |e пер. с англ.  |f Дж. Н. Г. Байрон  |g авт. предисл. А. Елистратова ; худож. Ф. Константинов ; пер. Т. Гнедич 
210 |a Москва  |c Художественная литература  |d 1972 
215 |a 864 с., портр.  |c ил. 
225 1 |a Библиотека всемирной литературы  |v Т. 67 
225 1 |a Серия вторая. Литература XIX века 
320 |a Примечания: с. 780-862 
600 1 |a Байрон  |b Дж. Н. Г.  |c английский поэт  |f 1788-1824  |g Джордж Ноэл Гордон  |2 stltpush  |3 (RuTPU)RU\TPU\pers\9270  |9 1826 
610 1 |a зарубежная литература 
610 1 |a английская литература 
610 1 |a 19 век 
675 |a 82  |v 3 
700 1 |a Байрон  |b Дж. Н. Г.  |c английский поэт  |f 1788-1824  |g Джордж Ноэл Гордон  |2 stltpush  |3 (RuTPU)RU\TPU\pers\9270  |9 1826 
702 1 |a Елистратова  |b А.  |4 080 
702 1 |a Константинов  |b Ф.  |4 440 
702 1 |a Гнедич  |b Т.  |4 730 
801 1 |a RU  |b 63413507  |c 20100629 
942 |c BK